000 01705nmc a2200541 a 4500
003 AR-BaBNM
005 20251128204423.0
008 011101s1983 ||||||||||||||000 | spa||
020 _a950-9293-02-4
040 _cAR-BaBNM
245 1 0 _aEl sistema educativo hoy
_n2
250 _a1ª ed.
260 _aBuenos Aires
_bDocencia
_c1983
300 0 _a475 p.
_bcuadros
490 0 _aInteracción educativa
_vv. 37
500 1 _aContiene índice bibliográfico en pág. 275-278, 308-309 y notas en pág.474-475
500 0 _aEsta obra fue realizada con el asesoramiento técnico del Centro de Investigación y Acción Educativa
650 4 _aINFANCIA
650 4 _aADOLESCENCIA
650 4 _aAPRENDIZAJE
650 4 _aEDUCACION PARA EL DESARROLLO
650 4 _aFORMACION DE DOCENTES
650 4 _aACTITUD DEL DOCENTE
650 4 _aRELACION ALUMNO-DOCENTE
650 4 _aETICA
650 4 _aAFECTIVIDAD
650 4 _aSOCIALIZACION
651 4 _aArgentina
653 0 _aINNOVACIONES EDUCATIVAS
653 0 _aJARDINES DE INFANTES
700 1 _aZanotti, Luis Jorge
700 1 _aFloria, Carlos Alberto
700 1 _aAuza, Néstor Tomás
700 1 _aMedina Rubio, Rogelio
700 1 _aRodríguez Diéguez, José Luis
700 1 _aBeltran de Tena, Rosario
700 1 _aRosso de Alliani, Lilia M.
700 1 _aReboiras, Juan Carlos
700 1 _ade la Orden Hoz, Arturo
700 1 _aPrieto García-Tuñón, María Asunción
700 1 _aSuárez de Uzandizaga, María Alicia
700 1 _aGueventter, Elida L. de
700 1 _aBertoni, Alicia L. de
700 1 _aMaffei, Julio V.
700 1 _aVidal Muñoz, Santiago
942 _cBK
998 _cCarmen
999 _c7370
_d7370